Národný program kvality Slovenskej republiky na obdobie 2013 – 2016
Dňa 16. októbra 2013 prijala vláda SR na svojom zasadnutí uznesením č. 606, Národný program kvality Slovenskej republiky na obdobie 2013 – 2016. Poslanie, zámery a ciele "NPK SR".
Saved in:
| Format: | Book Chapter |
|---|---|
| Language: | Slovak |
| Subjects: | |
| Tags: |
No Tags, Be the first to tag this record!
|
MARC
| LEADER | 00000naa a2200000 4500 | ||
|---|---|---|---|
| 001 | 0181244 | ||
| 005 | 20231012072319.2 | ||
| 041 | 0 | |a slo | |
| 044 | |a SK | ||
| 245 | 1 | 0 | |a Národný program kvality Slovenskej republiky na obdobie 2013 – 2016 |
| 520 | |a Dňa 16. októbra 2013 prijala vláda SR na svojom zasadnutí uznesením č. 606, Národný program kvality Slovenskej republiky na obdobie 2013 – 2016. Poslanie, zámery a ciele "NPK SR". | ||
| 610 | 2 | 0 | |a Slovensko |
| 610 | 2 | 0 | |a riadenie kvality |
| 610 | 2 | 0 | |a politika hospodárska |
| 610 | 2 | 0 | |a stratégia hospodárska |